| 000 | 00479nam a2200133Ia 4500 | ||
|---|---|---|---|
| 008 | 191111s9999 xx 000 0 und d | ||
| 020 | _a9781138901728 | ||
| 100 | _aHerriot, Scott R. | ||
| 245 |
_cScott R. Herriot.-- _aMetrics for sustainable business : _bmeasures and standards for the assessment of organizations / |
||
| 260 |
_aUSA : _bRoutledge _c2016 |
||
| 300 | _axvi, 239 pages. | ||
| 650 | _aManagement -- environmental aspects | ||
| 650 | _aSustainable development reading | ||
| 999 |
_c362590 _d362590 |
||